| 000 | 00490nam a2200169Ia 4500 | ||
|---|---|---|---|
| 008 | 151213s9999 xx 000 0 und d | ||
| 020 | _a0-415-90169-3 | ||
| 082 |
_a306.0904 _b306.0904 |
||
| 100 | _aGayatri Chakravorty Spivak | ||
| 245 |
_aThe Post - Colonial Critics Interviews ,. Strategics _cGayatri Chakravorty Spivak |
||
| 260 |
_aNew York _bRoutledge _c1990 |
||
| 300 | _a7157 p. | ||
| 650 | _aEnglish | ||
| 650 | _aEnglish | ||
| 700 | _aGayatri Chakravorty Spivak | ||
| 999 |
_c3800 _d3800 |
||